Paulo Freire y la educación liberadora.

Сохранить в:
Библиографические подробности
Главный автор: Escobar Guerrero, Miguel (autor)
Формат:
Язык:испанский
Серии:(Biblioteca pedagógica ; no. 21)
Предметы:
Метки: Добавить метку
Нет меток, Требуется 1-ая метка записи!

MARC

LEADER 00000cam^a2200000uu^4500
001 000479937
005 20250521000000.0
008 050901s1985^^^^^^^^^^^^rd^r^^000^0^spa^d
009 20260310124950.819
022 |a 9686011773 
035 |a FCE 000022944 
035 |a FCE 004123 
037 |a Acervo ITESO - Biblioteca 
041 |a spa 
082 0 4 |a 082.1  |b SECa 21 
100 |a Escobar Guerrero, Miguel  |e (autor) 
245 1 0 |a Paulo Freire y la educación liberadora. 
264 |a México :  |b SEP : El Caballito,  |c 1985. 
300 |a 160 p. 
336 |a texto  |b txt  |2 rdacontenido 
337 |a sin mediación  |b n  |2 rdamedio 
338 |a volumen  |b nc  |2 rdasoporte 
440 0 |a (Biblioteca pedagógica ;  |v no. 21) 
649 |a XX 
650 |a Educación popular 
650 |a Alfabetización 
650 |a Política 
650 |a Antología 
650 |a Educación liberadora 
650 |a Relación alumno-docente 
650 |a África 
650 |a América Latina 
910 |a Fondo Centro de Estudios Educativos 
920 |a Impresos - Libros 
930 |a Fondos Especiales 
905 |a 133 
901 |a ALE004123  |b IT2  |c CEE  |u 20250521 
901 |a ALE045392  |b IT2  |c CEE  |u 20250521 
901 |a ALE045393  |b IT2  |c CEE  |u 20250521 
902 |a https://opac.biblio.iteso.mx/vufind/Record/000479937